Guess the Language #2 - Statistics

General Stats
  • This quiz has been taken 70 times
  • The average score is 6 of 15
Answer Stats
'Sorry' Language % Correct
Συγνώμη Greek
95%
Verzeihung German
80%
Вибачте Ukrainian
69%
Desculpe Portuguese
57%
Promiňte Czech
49%
Jammer Afrikaans
36%
Ndo Igbo
33%
Vabandust Estonian
30%
Uxolo Xhosa
28%
Aroha mai Maori
25%
Ignosce Latin
20%
Duilich Scottish Gaelic
15%
Waan ka xumahay Somali
11%
Гафу итегез Tatar
10%
Faamalie Samoan
3%
No matching quizzes found
Score Distribution
Percent of People with Each Score
Percentile by Number Answered
Your Score History
You have not taken this quiz